000 00579cam a2200181 a 4500
008 040617s1979 mx 000 0 spa u
035 _aa437976
050 0 0 _aHD6534 .R12
_bC43 1979
100 1 _aCedillo, Luciano
245 1 1 _a¿Vaaamonos! :
_bluchas, anécdotas y problemas de los ferrocarrileros /
_cLuciano Cedillo.
250 _a1a ed.
260 _aMéxico :
_bCultura Popular,
_c1979.
300 _a146 p. :
_bil. ;
_c17 cm.
440 0 _aCrónicas y testimonios
650 4 _aFerrocarriles
_xEmpleados
_zMéxico
650 4 _aSindicatos
_zMéxico
942 _2lcc
_cLIB
999 _c67010
_d67010